MARC

LEADER 00000nam0a2200000 4500
001 140676
005 20231031142127.0
010 |a 5274014844 
029 1 0 |a RU  |b 3.09.01-85  |c к СНиП 
035 |a (RuTPU)RU\TPU\book\152401 
035 |a RU\TPU\book\152399 
090 |a 140676 
100 |a 20080704d1990 k y0rusy50 ca 
101 0 |a rus 
102 |a RU 
105 |a a l 000zy 
200 1 |a Технология изготовления железобетонных напорных труб со стальным сердечником. Справочное пособие к СНиП 3.09.01-85  |f НИИЖБ Госстроя СССР 
205 |a Изд. официальное 
210 |a Москва  |c Стройиздат  |d 1990 
215 |a 40 с.  |c ил. 
225 1 |a Строительные нормы и правила 
610 1 |a СНиП 
610 1 |a строительные нормы 
610 1 |a бетон 
610 1 |a изготовление 
610 1 |a стальные цилиндры 
610 1 |a соединительные кольца 
610 1 |a сборка 
610 1 |a сварка 
610 1 |a сердечники 
610 1 |a формование 
610 1 |a тепловлажностная обработка 
610 1 |a отделка 
610 1 |a контроль 
610 1 |a складирование 
610 1 |a транспортировка 
610 1 |a трубы 
610 1 |a правила 
610 1 |a качество 
675 |a 666(085)  |v 3 
712 0 2 |a Научно-исследовательский институт бетона и железобетона (НИИЖБ)  |2 stltpush  |3 (RuTPU)RU\TPU\col\20214 
801 1 |a RU  |b 63413507  |c 20030819  |g PSBO 
801 2 |a RU  |b 63413507  |c 20221207  |g PSBO 
942 |c BK